000 00517nam a2200193Ia 4500
005 20250326141202.0
008 250326s9999 xx 000 0 und d
020 _a1-55542-559-3
037 _aTextbook
040 _aFMSL
_beng
_cFMSL
041 _aeng
_2eng
084 _aX:89Q8 N3
_qFMSL
100 _aSchmidt W H
_9737677
245 0 _aTQM Manager
_cSchmidt W H; Finnigan J P
260 _aUSA
_bUSA, Jossey Bass
_c1993
300 _a211p
942 _cTB
_hX:89Q8 N3
999 _c1289117
_d1289117